Normal view
MARC view
- Murphy , W.R;
Entry Personal Name
001 - CONTROL NUMBER
- control field: 6333
003 - CONTROL NUMBER IDENTIFIER
- control field: OSt
005 - DATE AND TIME OF LATEST TRANSACTION
- control field: 20241030123101.0
008 - FIXED-LENGTH DATA ELEMENTS
- fixed length control field: 241030|| aca||aabn | a|a d
040 ## - CATALOGING SOURCE
- Original cataloging agency: OSt
- Transcribing agency: OSt
100 ## - HEADING--PERSONAL NAME
- Personal name: Murphy , W.R;
670 ## - SOURCE DATA FOUND
- Source citation: Work cat.: (OSt)12942: Murphy , W.R; ., Energy management / , 2007.
